000
00292nam a2200133Ia 4500
005
20251222141924.0
008
251222s9999||||xx |||||||||||||| ||spa||
020
_a
84-206-7758-2
082
_a
848.9/C24
100
_a
Camus, Albert
245
0
_a
Crónicas:
264
_b
Alianza
942
_c
LIB
999
_c
8810
_d
8810